000 01041nam a22003377a 4500
001 BR9210991
003 BR-BrBNA
005 20230928093739.0
007 ta
008 230509b bl.||||| |||| 00| 0 por d
040 _aBR-BrBNA
_bpor
_cBiblioteca Nacional de Agricultura
041 _a(Por)
072 _aF01; H10
_b0120
_b/G514
090 _ 0120 BR9210991
110 1 _aMinisterio da Agricultura e Reforma Agraria, Brasilia, DF (Brasil)
110 1 _aCentro Nacional de Pesquisa de Milho e Sorgo, Sete Lagoas, MG (Brasil)
_91790
245 1 _aRecomendacoes tecnicas para o cultivo do milho. Areas de cerrado do Brasil Central e terra roxa de Minas Gerais; zonas 61 e 91
260 3 _aBrasilia, DF (Brasil):
_c1992.
300 _a32 p.
500 _a19 illus.
650 _aMilho
650 _aPratica Cultural
650 _aErva Daninha
650 _aHerbicida
650 _aColheita
650 _aLatossolo Roxo
650 _aCerrado
650 _aPratico
909 _a202309
_bLucia
_c55
_dLucia Elande
942 _cBK
999 _c46858
_d46858